[Event "Qatar Masters Open 2024"]
[Site "Doha QAT"]
[Date "2024.12.10"]
[Round "7.20"]
[White "Pranesh, M"]
[Black "Pham Tran Gia Phuc"]
[Result "1-0"]
[WhiteTitle "GM"]
[BlackTitle "IM"]
[WhiteElo "2582"]
[BlackElo "2445"]
[WhiteFideId "35028600"]
[BlackFideId "12415669"]
[EventDate "2024.12.03"]

1. e4 c5 2. Nf3 Nc6 3. d4 cxd4 4. Nxd4 Nf6 5. Nc3 e5 6. Ndb5 d6 7. Nd5 Nxd5 8.
exd5 Nb8 9. c4 Be7 10. c5 O-O 11. Bd3 f5 12. O-O Na6 13. cxd6 Bxd6 14. b3 Nc5
15. Bc4 a6 16. Nxd6 Qxd6 17. f4 b5 18. fxe5 Qxe5 19. Ba3 Qe3+ 20. Kh1 bxc4 21.
Rf3 Qe7 22. Qg1 Qe4 23. Qxc5 Re8 24. bxc4 f4 25. Qc7 g5 26. Bb2 Qg6 27. Rb3 Bg4
28. Rb7 Re2 29. Qa5 f3 30. Qc3 fxg2+ 31. Kg1 Rxb2 32. Rxb2 1-0

[Event "Qatar Masters Open 2024"]
[Site "Doha QAT"]
[Date "2024.12.10"]
[Round "7.21"]
[White "Shyaam Nikhil P"]
[Black "Sankalp, Gupta"]
[Result "1/2-1/2"]
[WhiteTitle "GM"]
[BlackTitle "GM"]
[WhiteElo "2445"]
[BlackElo "2545"]
[WhiteFideId "5024218"]
[BlackFideId "5097010"]
[EventDate "2024.12.03"]

1. e4 e5 2. Nf3 Nc6 3. d4 exd4 4. Nxd4 Qf6 5. Nf3 Bb4+ 6. Nbd2 d6 7. Be2 Nge7 8.
O-O O-O 9. Nb3 h6 10. c3 Bc5 11. Nxc5 dxc5 12. Be3 b6 13. Nd2 a5 14. f4 Ba6 15.
Bxa6 Rxa6 16. a4 Raa8 17. Rf3 Rad8 18. Qe2 Rd7 19. Rg3 Rfd8 20. Nc4 Ng6 21. Rf1
Rd3 22. Qg4 Qh4 23. Qxh4 Nxh4 24. f5 g5 25. Bf4 R3d7 26. Bxg5 hxg5 27. Rxg5+ Kf8
28. Rh5 Nxf5 29. Rhxf5 Re7 30. R5f4 Rdd7 31. Kf2 Ne5 32. Nxe5 Rxe5 33. Ke2 c4
34. Rd1 Rde7 35. Kf3 c6 36. Rd8+ Kg7 37. Rg4+ Kf6 38. Rd6+ R5e6 39. Rf4+ Kg6 40.
e5 b5 41. Rf6+ Rxf6+ 42. Rxf6+ Kg7 43. Ke4 bxa4 44. Rxc6 Rb7 45. Rxc4 Rxb2 46.
g4 a3 47. Ra4 a2 48. h4 Re2+ 49. Kd5 Rd2+ 50. Kc4 Rg2 51. Rxa5 Rxg4+ 52. Kd5 Rg2
53. c4 Rd2+ 54. Kc6 Kg6 55. Kb6 Kf5 56. h5 Rc2 57. h6 Rxc4 58. Rxa2 Rh4 59. Rf2+
Kxe5 1/2-1/2

[Event "Qatar Masters Open 2024"]
[Site "Doha QAT"]
[Date "2024.12.10"]
[Round "7.22"]
[White "Zemlyanskii, Ivan"]
[Black "Tahbaz, Arash"]
[Result "1-0"]
[WhiteTitle "GM"]
[BlackTitle "IM"]
[WhiteElo "2543"]
[BlackElo "2432"]
[WhiteFideId "24249971"]
[BlackFideId "12528846"]
[EventDate "2024.12.03"]

1. e4 e5 2. Nf3 Nc6 3. Bc4 Nf6 4. d3 Be7 5. O-O O-O 6. Re1 d6 7. a4 Na5 8. Ba2
c5 9. c3 h6 10. Na3 Nc6 11. Bd2 a6 12. h3 Bd7 13. Qe2 Re8 14. Nc2 Bf8 15. Ne3
Be6 16. Bxe6 fxe6 17. Ng4 Nd7 18. g3 b5 19. axb5 axb5 20. Nh4 Qe7 21. Rf1 Kh7
22. Ne3 Nf6 23. Nhg2 d5 24. exd5 Nxd5 25. Ng4 Rxa1 26. Rxa1 Qf7 27. Nxe5 Nxe5
28. Qxe5 Qf5 29. Qxf5+ exf5 30. Kf1 Rd8 31. Ke2 Rd7 32. Ra5 Rb7 33. Nh4 g6 34.
Kd1 Bg7 35. Kc2 Bf6 36. Ng2 Kg7 37. Nf4 Nc7 38. Be3 Be7 39. c4 Kf7 40. Ne2 g5
41. Nc3 bxc4 42. dxc4 Ne6 43. Nd5 Bd6 44. f4 Bf8 45. b3 Bd6 46. Ra6 Bf8 47. g4
fxg4 48. f5 Nc7 49. Nxc7 gxh3 50. Ne6 h2 51. Ra1 Be7 52. Bxc5 g4 53. Bf2 Kf6 54.
Bg3 Ra7 55. Rh1 Kxf5 56. Nd4+ Kg6 57. Nc6 Ra2+ 58. Kb1 Rg2 59. Nxe7+ Kg5 60.
Bxh2 h5 61. c5 Re2 62. Bd6 1-0

[Event "Qatar Masters Open 2024"]
[Site "Doha QAT"]
[Date "2024.12.10"]
[Round "7.23"]
[White "Uskov, Artem"]
[Black "Harutyunyan, Tigran K."]
[Result "1-0"]
[WhiteTitle "IM"]
[BlackTitle "GM"]
[WhiteElo "2430"]
[BlackElo "2524"]
[WhiteFideId "34254854"]
[BlackFideId "13303635"]
[EventDate "2024.12.03"]

1. e4 e5 2. Nf3 Nc6 3. Bb5 a6 4. Ba4 Nf6 5. O-O Be7 6. d3 b5 7. Bb3 d6 8. a4 Bd7
9. c3 O-O 10. h3 Na5 11. Bc2 c5 12. Re1 Qc7 13. Bg5 b4 14. cxb4 cxb4 15. d4 h6
16. Bh4 Rfc8 17. Bd3 Qa7 18. Bf1 Nc6 19. d5 Nd4 20. Nxd4 Qxd4 21. Qxd4 exd4 22.
Nd2 Nxd5 23. Bxe7 Nxe7 24. Nc4 Rab8 25. Red1 d5 26. exd5 Nxd5 27. Ne5 Be6 28.
Bxa6 Rc2 29. a5 b3 30. Bc4 Nb4 31. Bxe6 fxe6 32. Ra4 Rxb2 33. Rxb4 Rxb4 34. Nd3
Ra2 35. Nxb4 Rxa5 36. Rb1 Ra3 37. Kf1 e5 38. Nd3 e4 39. Nc5 d3 40. Nxe4 Ra2 41.
f3 d2 42. Rd1 Rc2 43. Nxd2 b2 44. Ke2 Rc1 45. Nb1 Kf7 46. Kd2 Rc6 47. Nc3 1-0

[Event "Qatar Masters Open 2024"]
[Site "Doha QAT"]
[Date "2024.12.10"]
[Round "7.24"]
[White "Xu, Zhihang"]
[Black "Akhmetov, Ayan"]
[Result "1-0"]
[WhiteTitle "IM"]
[BlackTitle "IM"]
[WhiteElo "2511"]
[BlackElo "2417"]
[WhiteFideId "8611572"]
[BlackFideId "13703706"]
[EventDate "2024.12.03"]

1. e4 e6 2. d4 d5 3. Nc3 Bb4 4. e5 c5 5. a3 Bxc3+ 6. bxc3 b6 7. Bb5+ Kf8 8. Bd3
Ba6 9. Bxa6 Nxa6 10. h4 Ne7 11. h5 h6 12. Ne2 Qc7 13. Rh3 Rc8 14. Ra2 Nb8 15.
Kf1 Nbc6 16. Kg1 Na5 17. Rf3 Nc4 18. Ra1 Kg8 19. Ng3 Na5 20. Ra2 Nc4 21. Rf4 Nc6
22. Ra1 a5 23. a4 b5 24. axb5 Na7 25. Qd3 Nxb5 26. Rg4 Kf8 27. Kh2 Qa7 28. Ne2
cxd4 29. cxd4 a4 30. Qg3 a3 31. Rxg7 Nxd4 32. Bxa3+ Ke8 33. Bb2 Qxa1 34. Bxa1
Nf5 35. Qg4 Kf8 36. Rg6 fxg6 37. Qxg6 Re8 38. Nf4 Ng7 39. Qf6+ Kg8 40. Ng6 Rh7
41. Ne7+ 1-0

[Event "Qatar Masters Open 2024"]
[Site "Doha QAT"]
[Date "2024.12.10"]
[Round "7.25"]
[White "Galaviz Medina, Sion Radamantys"]
[Black "Ahmad, Khagan"]
[Result "1/2-1/2"]
[WhiteTitle "IM"]
[BlackTitle "IM"]
[WhiteElo "2508"]
[BlackElo "2403"]
[WhiteFideId "5123119"]
[BlackFideId "13431552"]
[EventDate "2024.12.03"]

1. d4 Nf6 2. c4 e6 3. Nc3 Bb4 4. e3 O-O 5. a3 Bxc3+ 6. bxc3 b6 7. Bd3 Bb7 8. f3
c5 9. Ne2 Nc6 10. O-O Na5 11. e4 Ne8 12. dxc5 bxc5 13. Ng3 Ba6 14. Qe2 Nb3 15.
Rb1 Nxc1 16. Rbxc1 Qh4 17. Qe3 d6 18. f4 Nf6 19. h3 Nd7 20. Kh2 Nb6 21. a4 Bxc4
22. a5 Bxd3 23. Qxd3 Nd7 24. Qxd6 Rad8 25. Rf3 g5 26. Qc7 g4 27. Rd3 gxh3 28.
Rxd7 Rxd7 29. Qxd7 Rd8 30. Qb5 Rd2 31. Qb8+ Rd8 32. Qb2 hxg2+ 33. Kxg2 Qxf4 34.
Rc2 Rd3 35. Nf1 Rf3 36. Rf2 Rxf2+ 37. Qxf2 Qxe4+ 38. Kh2 Qc4 39. Qg3+ Kf8 40.
Kg1 h5 41. Qe5 Qd5 42. Qb8+ Kg7 43. Qxa7 Qg5+ 44. Kf2 Qf4+ 45. Kg2 Qe4+ 46. Kf2
Qf4+ 47. Ke1 Qe4+ 48. Kd1 Qf3+ 49. Ke1 Qxc3+ 50. Kf2 Qb2+ 51. Ke1 Qe5+ 52. Kf2
Qf4+ 53. Ke1 Qc1+ 1/2-1/2

[Event "Qatar Masters Open 2024"]
[Site "Doha QAT"]
[Date "2024.12.10"]
[Round "7.26"]
[White "Begmuratov, Khumoyun"]
[Black "Kukhmazov, Arsen"]
[Result "1-0"]
[WhiteTitle "IM"]
[BlackTitle "IM"]
[WhiteElo "2416"]
[BlackElo "2480"]
[WhiteFideId "14210207"]
[BlackFideId "24108260"]
[EventDate "2024.12.03"]

1. e4 c5 2. Nf3 e6 3. d4 cxd4 4. Nxd4 Nf6 5. Nc3 Nc6 6. Ndb5 Bc5 7. Bf4 O-O 8.
Bc7 Qe7 9. Bd6 Bxd6 10. Qxd6 Qd8 11. O-O-O a6 12. Nd4 Ne7 13. Qg3 b5 14. e5 Nfd5
15. Ne4 Qb6 16. Kb1 f5 17. Nd6 Bb7 18. h4 Nc8 19. Nxb7 Qxb7 20. f4 Ncb6 21. Be2
Rac8 22. h5 Qc7 23. h6 g6 24. c3 Nc4 25. Nb3 a5 26. Rxd5 exd5 27. Qd3 a4 28.
Qxd5+ Rf7 29. Nd4 b4 30. Nb5 Qc6 31. Qxc6 Rxc6 32. cxb4 Nd2+ 33. Ka1 Rf8 34. Nd6
Rb8 35. a3 Rc2 36. Ka2 Ne4 37. Bd3 Rxg2 38. Bxe4 fxe4 39. Nxe4 Rc8 40. Nf6+ Kf7
41. Nxh7 Rcc2 42. Ng5+ Ke7 43. Rb1 Rh2 44. h7 Rcf2 45. b5 Rxf4 46. b6 Rf8 47. b7
Rb8 48. Rf1 Rxb7 49. Rf7+ Ke8 50. Rf2 Rxf2 51. h8=Q+ Ke7 52. Qh7+ Kd8 53. Ne6+
Ke8 54. Qh8+ Ke7 55. Qh4+ 1-0

[Event "Qatar Masters Open 2024"]
[Site "Doha QAT"]
[Date "2024.12.10"]
[Round "7.27"]
[White "Saydaliev, Saidakbar"]
[Black "Nandhidhaa, P V"]
[Result "1/2-1/2"]
[WhiteTitle "IM"]
[BlackTitle "WGM"]
[WhiteElo "2473"]
[BlackElo "2339"]
[WhiteFideId "14203693"]
[BlackFideId "5050847"]
[EventDate "2024.12.03"]

1. Nf3 Nf6 2. c4 e6 3. g3 d5 4. Bg2 d4 5. O-O c5 6. e3 Nc6 7. d3 Bd6 8. Na3 O-O
9. exd4 cxd4 10. Re1 e5 11. Nc2 Re8 12. Bg5 h6 13. Bxf6 Qxf6 14. Ncxd4 Nxd4 15.
Nxd4 Bc5 16. Nf3 Bg4 17. h3 Bh5 18. Qe2 Rad8 19. Rad1 b6 20. a3 a5 21. g4 Bg6
22. d4 Bxd4 23. Nxd4 exd4 24. Qxe8+ Rxe8 25. Rxe8+ Kh7 26. b4 axb4 27. axb4 Qd6
28. Bd5 Qxb4 29. Rxd4 Qc3 30. Rd1 Qxh3 31. Rd4 Qc3 32. Rd1 Qh3 33. Rd4 Qc3 34.
Rd1 1/2-1/2

[Event "Qatar Masters Open 2024"]
[Site "Doha QAT"]
[Date "2024.12.10"]
[Round "7.28"]
[White "Zhu, Hengyi"]
[Black "Ayush, Sharma"]
[Result "1/2-1/2"]
[BlackTitle "IM"]
[WhiteElo "2361"]
[BlackElo "2466"]
[WhiteFideId "8611211"]
[BlackFideId "45010943"]
[EventDate "2024.12.03"]

1. e4 c5 2. Nc3 a6 3. g3 Nc6 4. Bg2 g6 5. Nge2 Bg7 6. O-O e6 7. d3 Nge7 8. Be3
Nd4 9. Qd2 O-O 10. f4 d6 11. Nd1 e5 12. c3 Nxe2+ 13. Qxe2 exf4 14. Bxf4 d5 15.
Nf2 Re8 16. Rae1 Nc6 17. Qf3 d4 18. c4 Ne5 19. Bxe5 Bxe5 20. Bh3 f6 21. Bxc8
Rxc8 22. Nh3 Qa5 23. Nf4 Qxa2 24. Nd5 Qa5 25. Nxf6+ Bxf6 26. Qxf6 Qc7 27. Re2
Qe7 28. Qb6 Rc6 29. Qa5 Qd8 30. Qd2 Rf8 31. Rxf8+ Qxf8 32. Qg5 Rf6 33. Qd5+ Kh8
34. e5 Rf1+ 35. Kg2 Rh1 36. Rf2 Rxh2+ 37. Kxh2 Qxf2+ 38. Kh3 Qf1+ 39. Kh2 Qe2+
40. Kh3 Qh5+ 1/2-1/2

[Event "Qatar Masters Open 2024"]
[Site "Doha QAT"]
[Date "2024.12.10"]
[Round "7.29"]
[White "Mahdavi, Reza"]
[Black "Petrosyan, Manuel"]
[Result "1/2-1/2"]
[WhiteTitle "FM"]
[BlackTitle "GM"]
[WhiteElo "2394"]
[BlackElo "2612"]
[WhiteFideId "12595926"]
[BlackFideId "13300857"]
[EventDate "2024.12.03"]

1. e4 e6 2. d4 d5 3. e5 c5 4. c3 Nc6 5. Nf3 Bd7 6. Be2 Nge7 7. O-O Nf5 8. dxc5
a5 9. Bd3 Bxc5 10. Bxf5 exf5 11. Qxd5 Qb6 12. Ng5 Nd8 13. Na3 h6 14. Nc4 Qc6 15.
Qxc6 Bxc6 16. Nf3 Bb5 17. Nfd2 a4 18. Re1 Ne6 19. Nd6+ Bxd6 20. exd6 O-O 21. Nf3
Rfd8 22. Nh4 f4 23. Nf5 Kh7 24. Nd4 Nxd4 25. cxd4 g5 26. Re7 Bc4 27. Rxb7 Rxd6
28. Bd2 Rxd4 29. Bc3 Rd3 30. a3 Re8 31. Rb4 Bb3 32. Kf1 f3 33. gxf3 Rxf3 34. Re1
Rxe1+ 35. Kxe1 Rd3 36. h4 gxh4 37. Rxh4 Kg6 38. Rd4 Rh3 39. Kf1 Rh1+ 1/2-1/2

[Event "Qatar Masters Open 2024"]
[Site "Doha QAT"]
[Date "2024.12.10"]
[Round "7.30"]
[White "Ganguly, Surya Shekhar"]
[Black "Bukreev, Stanislav"]
[Result "1-0"]
[WhiteTitle "GM"]
[BlackTitle "FM"]
[WhiteElo "2578"]
[BlackElo "2384"]
[WhiteFideId "5002150"]
[BlackFideId "34252347"]
[EventDate "2024.12.03"]

1. e4 e6 2. d4 d5 3. e5 c5 4. c3 Nc6 5. Nf3 Qb6 6. a3 Nh6 7. Bd3 cxd4 8. O-O Bd7
9. b4 Rc8 10. Ra2 dxc3 11. Nxc3 Nxb4 12. axb4 Rxc3 13. Be3 Qxb4 14. Qe2 Rxd3 15.
Qxd3 Qb5 16. Qb1 a5 17. Rb2 Bb4 18. Bd2 Bc6 19. Nd4 Qc5 20. Nxc6 bxc6 21. Rc1
Qe7 22. Bxb4 axb4 23. Rxb4 O-O 24. Rxc6 Nf5 25. Rb7 Qa3 26. h3 h5 27. Rcc7 h4
28. Ra7 1-0

[Event "Qatar Masters Open 2024"]
[Site "Doha QAT"]
[Date "2024.12.10"]
[Round "7.31"]
[White "Vaz, Ethan"]
[Black "Quesada Perez, Luis Ernesto"]
[Result "1-0"]
[WhiteTitle "IM"]
[BlackTitle "GM"]
[WhiteElo "2378"]
[BlackElo "2564"]
[WhiteFideId "25940783"]
[BlackFideId "3520773"]
[EventDate "2024.12.03"]

1. e4 c5 2. Nf3 d6 3. d4 cxd4 4. Nxd4 Nf6 5. Nc3 a6 6. Rg1 h5 7. Be3 e6 8. Qd2
b5 9. a3 Nbd7 10. f3 Bb7 11. O-O-O Rc8 12. Kb1 Ne5 13. h3 h4 14. Bg5 Be7 15. f4
Nc4 16. Qe1 Nd7 17. Bxc4 Rxc4 18. Bxe7 Qxe7 19. g4 hxg3 20. Qxg3 g6 21. f5 e5
22. Nb3 Nf6 23. Na5 Nxe4 24. Nxe4 Bxe4 25. Nxc4 bxc4 26. fxg6 Bxg6 27. Qc3 Qe6
28. Rg4 d5 29. Qb4 Bf5 30. Qb8+ Qc8 31. Qxe5+ 1-0

[Event "Qatar Masters Open 2024"]
[Site "Doha QAT"]
[Date "2024.12.10"]
[Round "7.32"]
[White "Garifullina, Leya"]
[Black "Aradhya, Garg"]
[Result "1-0"]
[WhiteTitle "IM"]
[BlackTitle "IM"]
[WhiteElo "2451"]
[BlackElo "2365"]
[WhiteFideId "34127035"]
[BlackFideId "25006746"]
[EventDate "2024.12.03"]

1. e4 e5 2. Nf3 Nc6 3. Bb5 a6 4. Ba4 Nf6 5. O-O Nxe4 6. d4 Be7 7. Re1 b5 8. Rxe4
d5 9. Nxe5 Nxe5 10. Rxe5 bxa4 11. Qe2 Be6 12. f4 Kf8 13. f5 Bd7 14. Nc3 f6 15.
Re3 Bxf5 16. Qf3 Bd7 17. Nxd5 Bc6 18. c4 Bb4 19. Re6 Bxd5 20. cxd5 Qd7 21. Bf4
Re8 22. Rc6 Bd6 23. Bxd6+ cxd6 24. Rac1 h5 25. h3 Qf7 26. Rc8 Kg8 27. Qe4 Kf8
28. Rxe8+ Qxe8 29. Qxe8+ 1-0

[Event "Qatar Masters Open 2024"]
[Site "Doha QAT"]
[Date "2024.12.10"]
[Round "7.33"]
[White "Nurgaliyev, Sauat"]
[Black "Zou, Chen"]
[Result "1/2-1/2"]
[WhiteTitle "IM"]
[BlackTitle "IM"]
[WhiteElo "2374"]
[BlackElo "2449"]
[WhiteFideId "13726285"]
[BlackFideId "8610959"]
[EventDate "2024.12.03"]

1. e4 c5 2. Nf3 d6 3. d4 cxd4 4. Nxd4 Nf6 5. Nc3 a6 6. Bd3 e5 7. Nde2 Be7 8. O-O
O-O 9. Ng3 b5 10. h3 b4 11. Nd5 Nxd5 12. exd5 f5 13. a3 bxa3 14. Rxa3 e4 15. Be2
Nd7 16. f3 exf3 17. Bxf3 Ne5 18. Ne2 Bf6 19. Kh1 Bd7 20. Nd4 g6 21. Be2 a5 22.
Bf4 Qe7 23. b3 a4 24. bxa4 Rxa4 25. Rxa4 Bxa4 26. Qa1 Ra8 27. Qa3 Nf7 28. Ne6
Qb7 29. Qd3 Qb2 30. Rc1 Be5 31. Be3 Bd7 32. Qd2 Bc3 33. Qd1 Rb8 34. Bd2 Ne5 35.
Bxc3 Qxc3 36. Rb1 Rc8 37. Ba6 Re8 38. Bb5 Bxb5 39. Rxb5 Rc8 40. Rb7 Qxc2 41.
Qxc2 Rxc2 42. Rg7+ Kh8 43. Re7 h6 44. Re8+ Kh7 45. Rd8 g5 46. Nf8+ Kg7 47. Ne6+
Kf7 48. Rxd6 f4 49. Nd8+ Kg7 50. Ne6+ Kf7 51. Nd8+ Kf8 52. Rf6+ Kg7 53. Rf5 Nc4
54. Rf7+ Kg6 55. Rc7 Ne3 56. Rxc2 Nxc2 57. d6 Kf6 58. d7 Ke7 59. Nf7 Kxd7 60.
Nxh6 Ke6 61. Ng4 1/2-1/2

[Event "Qatar Masters Open 2024"]
[Site "Doha QAT"]
[Date "2024.12.10"]
[Round "7.34"]
[White "Aaditya, Dhingra"]
[Black "Omonov, Asrorjon"]
[Result "0-1"]
[WhiteTitle "IM"]
[BlackTitle "FM"]
[WhiteElo "2448"]
[BlackElo "2360"]
[WhiteFideId "25678191"]
[BlackFideId "14212552"]
[EventDate "2024.12.03"]

1. e4 c6 2. d4 d5 3. e5 Bf5 4. h4 h5 5. Bd3 Bxd3 6. Qxd3 e6 7. Nf3 Qa5+ 8. Nbd2
Qa6 9. c4 Nd7 10. O-O Nh6 11. b3 Nf5 12. Rd1 Be7 13. a4 O-O 14. Ba3 Bxa3 15.
Rxa3 c5 16. dxc5 Nxc5 17. Qc2 Rac8 18. b4 Ne4 19. Nxe4 dxe4 20. b5 Qa5 21. Qxe4
Qb4 22. Raa1 Rxc4 23. Qxb7 Qc5 24. Qd7 Nxh4 25. Nxh4 Rxh4 26. Qd6 Qc4 27. Qd3
Qf4 28. Qg3 Qb4 29. Qe3 Qa5 30. f4 Rg4 31. Rd7 Rc8 32. Qd4 Rc2 33. Rd8+ Kh7 34.
Qe4+ g6 35. Qxc2 Qxd8 36. Qf2 Qd5 37. Rf1 Kg7 38. Kh2 Qc4 39. g3 Qxa4 40. Qe2
Qb3 41. Rf3 Qb1 42. Rf1 Qf5 43. Qf2 Qd3 44. Ra1 Qxb5 45. Rxa7 h4 46. Kh3 Rxg3+
47. Kxh4 Rb3 48. Qd4 Qc6 49. Qg1 Qf3 0-1

[Event "Qatar Masters Open 2024"]
[Site "Doha QAT"]
[Date "2024.12.10"]
[Round "7.35"]
[White "Arun, Kataria"]
[Black "Sahib, Singh"]
[Result "0-1"]
[WhiteTitle "FM"]
[BlackTitle "FM"]
[WhiteElo "2370"]
[BlackElo "2438"]
[WhiteFideId "46630368"]
[BlackFideId "25618342"]
[EventDate "2024.12.03"]

1. e4 c5 2. Nf3 e6 3. d4 cxd4 4. Nxd4 Nc6 5. Nc3 Qc7 6. Be3 a6 7. Qd2 Nf6 8. f3
b5 9. Nxc6 dxc6 10. O-O-O e5 11. Qf2 Be6 12. Bc5 Bxc5 13. Qxc5 Nd7 14. Qd6 Qxd6
15. Rxd6 Rc8 16. Be2 Ke7 17. Rd2 a5 18. Nd1 g6 19. Ne3 Nc5 20. Kb1 f5 21. exf5
gxf5 22. Re1 Rhd8 23. Rxd8 Rxd8 24. a3 Kf6 25. Kc1 Rg8 26. Bf1 h5 27. Nd1 h4 28.
Nf2 Bc4 29. Bxc4 bxc4 30. Rg1 Ne6 31. Kd2 Nd4 32. Nh3 Rd8 33. Rh1 Nxf3+ 34. Kc3
Nd4 35. Rf1 Rg8 36. Rf2 Rg4 37. Kxc4 Nxc2+ 38. Kc5 Ne3 39. Kxc6 Nxg2 40. b4 axb4
41. axb4 Rc4+ 42. Kd7 Ne3 43. b5 Nd5 44. Kd6 Nc3 45. Rb2 Ne4+ 46. Kd7 Nc5+ 47.
Kd6 Na4 48. Rb3 Rc2 49. Rb4 Rxh2 50. Rxa4 Rxh3 51. Rb4 Rd3+ 52. Kc7 Rc3+ 53. Kd7
e4 54. b6 Rg3 55. b7 Rg8 56. Kc7 Kg5 57. Rb1 Rf8 58. Rg1+ Kh5 59. Rf1 Kg5 60.
Rg1+ Kf6 61. Re1 Rf7+ 62. Kc6 Rxb7 63. Kxb7 Ke5 64. Kc6 f4 65. Kc5 e3 66. Kc4
Ke4 67. Rh1 e2 68. Kc3 Ke3 0-1

[Event "Qatar Masters Open 2024"]
[Site "Doha QAT"]
[Date "2024.12.10"]
[Round "7.36"]
[White "Tyurin, Artem"]
[Black "Mammadzada, Gunay"]
[Result "1/2-1/2"]
[WhiteTitle "FM"]
[BlackTitle "IM"]
[WhiteElo "2356"]
[BlackElo "2421"]
[WhiteFideId "44130112"]
[BlackFideId "13403729"]
[EventDate "2024.12.03"]

1. e4 c5 2. Nc3 a6 3. d4 cxd4 4. Qxd4 Nc6 5. Qe3 e6 6. Bd2 Nf6 7. O-O-O Qc7 8.
f4 d6 9. Nf3 Be7 10. g4 Nxg4 11. Qe1 O-O 12. Rg1 Nf6 13. Bd3 Nb4 14. e5 Nxd3+
15. cxd3 Ne8 16. Kb1 f5 17. exf6 Nxf6 18. Ne4 Nxe4 19. dxe4 e5 20. Qg3 Bf6 21.
fxe5 dxe5 22. Bb4 Re8 23. Bd6 Qc4 24. Ng5 h6 25. Rc1 Qa4 26. b3 Qd7 27. Nh7 Qxd6
28. Qg6 Rf8 29. Rcf1 Qd3+ 30. Kb2 Qd2+ 31. Kb1 Qd3+ 32. Kb2 Qd2+ 33. Kb1 1/2-1/2

[Event "Qatar Masters Open 2024"]
[Site "Doha QAT"]
[Date "2024.12.10"]
[Round "7.37"]
[White "Harsh, Suresh"]
[Black "Khamdamova, Afruza"]
[Result "1/2-1/2"]
[WhiteTitle "IM"]
[BlackTitle "WIM"]
[WhiteElo "2420"]
[BlackElo "2354"]
[WhiteFideId "45018464"]
[BlackFideId "14210444"]
[EventDate "2024.12.03"]

1. e4 e5 2. d4 exd4 3. Qxd4 Nc6 4. Qc4 Nf6 5. Nc3 Bb4 6. Bd2 O-O 7. O-O-O Re8 8.
f3 Bf8 9. g4 d6 10. g5 Nd7 11. f4 Nb6 12. Qd3 Bg4 13. Be2 Nb4 14. Qg3 Bxe2 15.
Ngxe2 Nc4 16. a3 Na6 17. Qd3 Nxd2 18. Qxd2 c6 19. h4 b5 20. Nd4 b4 21. axb4 Nxb4
22. h5 c5 23. Ndb5 Rb8 24. g6 Qf6 25. gxf7+ Qxf7 26. Nxd6 Na2+ 27. Nxa2 Qxa2 28.
Qd5+ Qxd5 29. Rxd5 Bxd6 30. Rxd6 Rxe4 31. Ra6 Rb7 32. Rf1 Reb4 33. Ra2 Kf7 34.
Rf3 Rd7 35. Ra5 Rbd4 36. b3 c4 37. bxc4 Rxc4 38. c3 Rdc7 39. Rf5+ Ke6 40. Re5+
Kf6 41. Ra5 Rxc3+ 42. Rxc3 Rxc3+ 43. Kd2 Rc7 44. Ke3 h6 45. Ke4 Re7+ 46. Kf3 Ke6
47. Ke4 Kf6+ 48. Kf3 Kf7 49. Kg4 Kg8 50. Ra6 Rf7 51. f5 Kf8 52. Kf4 Ke8 53. Rg6
Kd7 54. Ke5 Re7+ 55. Kd5 Rf7 56. Ke5 1/2-1/2

[Event "Qatar Masters Open 2024"]
[Site "Doha QAT"]
[Date "2024.12.10"]
[Round "7.38"]
[White "Shturman, Arseniy"]
[Black "Klukin, Kirill"]
[Result "1/2-1/2"]
[WhiteTitle "FM"]
[BlackTitle "IM"]
[WhiteElo "2350"]
[BlackElo "2413"]
[WhiteFideId "34275797"]
[BlackFideId "24199273"]
[EventDate "2024.12.03"]

1. e4 c5 2. Nf3 d6 3. d4 cxd4 4. Nxd4 Nf6 5. Nc3 g6 6. Be3 Nc6 7. f3 h5 8. Bc4
Bd7 9. Qd2 Nxd4 10. Qxd4 Bg7 11. O-O-O O-O 12. Qd3 b5 13. Nxb5 Bxb5 14. Bxb5 Qa5
15. Bc4 Nd7 16. f4 Nc5 17. Bxc5 Qxc5 18. f5 g5 19. f6 Bxf6 20. Rhf1 Rac8 21. Bb3
Qe5 22. c3 e6 23. Kb1 Be7 24. Qe2 h4 25. h3 Kg7 26. Rd3 d5 27. Re1 dxe4 28. Rd7
Bc5 29. Qxe4 Qxe4+ 30. Rxe4 Kf6 31. Re1 Bb6 32. a4 Rc7 33. Rf1+ Ke5 34. Re1+ Kf6
35. Rf1+ Ke5 36. Re1+ Kf6 1/2-1/2

[Event "Qatar Masters Open 2024"]
[Site "Doha QAT"]
[Date "2024.12.10"]
[Round "7.39"]
[White "Rakhmatullaev, Almas"]
[Black "Jain, Kashish Manoj"]
[Result "1/2-1/2"]
[WhiteTitle "IM"]
[BlackTitle "FM"]
[WhiteElo "2410"]
[BlackElo "2308"]
[WhiteFideId "14205793"]
[BlackFideId "35081098"]
[EventDate "2024.12.03"]

1. e4 c5 2. Nf3 d6 3. d4 cxd4 4. Nxd4 Nf6 5. Nc3 Nc6 6. Bg5 e6 7. Qd2 a6 8.
O-O-O Bd7 9. f4 Be7 10. Nf3 b5 11. Bxf6 gxf6 12. Kb1 Qb6 13. Bd3 O-O-O 14. Rhe1
Rhe8 15. a3 Kb8 16. Na2 Rc8 17. c3 Rc7 18. Nb4 Na5 19. Nd4 Nc4 20. Qe2 a5 21.
Nbc2 Rec8 22. Bxc4 Rxc4 23. Rd3 b4 24. axb4 axb4 25. Nxb4 d5 26. Nbc2 Rxc3 27.
Rxc3 Rxc3 28. exd5 Rc7 29. Qe3 Bc5 30. Qb3 exd5 31. Qxb6+ Bxb6 32. b3 Kc8 33.
Kb2 Kd8 34. Rd1 Bc8 35. Ne3 Bb7 36. Nef5 Ba5 37. Nd6 Ba6 38. Nxf7+ Rxf7 39. Nc6+
Kc7 40. Nxa5 Re7 41. Rxd5 Re2+ 42. Kc3 Rxg2 43. Rh5 Rf2 44. Rh4 Kd6 45. Nc4+ Kd5
46. Kb4 f5 47. Rxh7 Rxf4 48. Rd7+ Kc6 49. Rd6+ Kb7 50. Kc5 Bxc4 51. bxc4 Rh4 52.
Rd7+ Kc8 53. Rd2 Kc7 54. Kb5 f4 55. Rf2 f3 56. Kc5 Rh3 57. Kd5 Rh4 58. Ra2 Rf4
59. Rf2 Rh4 60. Ke5 Kc6 1/2-1/2

[Event "Qatar Masters Open 2024"]
[Site "Doha QAT"]
[Date "2024.12.10"]
[Round "7.40"]
[White "George Samir, David"]
[Black "Nazari, Arad"]
[Result "1/2-1/2"]
[WhiteTitle "FM"]
[BlackTitle "IM"]
[WhiteElo "2272"]
[BlackElo "2401"]
[WhiteFideId "10657789"]
[BlackFideId "12577324"]
[EventDate "2024.12.03"]

1. e4 e6 2. d4 d5 3. Nd2 c5 4. Ngf3 cxd4 5. exd5 Qxd5 6. Bc4 Qd7 7. O-O Nc6 8.
Nb3 a6 9. a4 Qc7 10. Nbxd4 Bd6 11. Nxc6 bxc6 12. Qd4 Nf6 13. Rd1 Ke7 14. Bd2 c5
15. Qe3 Bb7 16. Bc3 Ne4 17. Rxd6 Qxd6 18. Bxg7 Rhg8 19. Qh6 e5 20. Nxe5 Qxh6 21.
Bxh6 Nd6 22. g3 Nxc4 23. Nxc4 Kf6 24. Be3 Rg4 25. Nd6 Bc6 26. b3 Rd8 27. Bxc5
Rg5 28. b4 Rd5 29. Ne4+ Ke5 30. Nc3 Rd2 31. Rc1 Bf3 32. h3 h5 33. Kh2 Kf5 34.
Be3 R2d7 35. a5 Rc8 36. Na4 Rd1 37. Rxd1 Bxd1 38. Nc5 Bf3 39. Nxa6 Rxc2 40. g4+
hxg4 41. Kg3 Be2 42. hxg4+ Bxg4 43. Nc5 Be2 44. Nb3 Rc4 45. Nd4+ Rxd4 46. Bxd4
Ke4 47. Bc5 Kd5 48. Kf4 Kc6 49. Ke5 Kb5 50. Kd6 Ka6 51. f4 Bd3 52. Ke7 Bc4 53.
f5 Bd3 54. f6 Bc4 55. Kd7 Bb5+ 56. Kc7 Bd3 1/2-1/2